Crítica de la razón árabe: nueva visión sobre el legado filosófico andalusí

Gespeichert in:
Bibliographische Detailangaben
1. Verfasser: Al-Yabri, Mohammed Abed (VerfasserIn)
Format: Buch
Sprache:Spanisch
Veröffentlicht: Barcelona Icaria 2001
Ausgabe:1a. ed
Schriftenreihe:Icaria Antrazyt, 175
Schlagworte:
Tags: Tag hinzufügen
Keine Tags, Fügen Sie den ersten Tag hinzu!

MARC

LEADER 00000cam a2200000 a 4500
001 UCD5195
003 CL-VaPUC
008 160811e20011200sp |||||||||||||||||spa|d
020 |a 8474265584 
082 0 4 |a 181.92  |b ALY  |2 21 
100 0 |a Al-Yabri, Mohammed Abed  |e author  |9 588919 
245 1 0 |a Crítica de la razón árabe: nueva visión sobre el legado filosófico andalusí 
250 |a 1a. ed 
300 |a 166 p 
942 |c BK 
945 |d 20160811 17:41:00  |a arojas 
260 |a Barcelona  |b Icaria  |c 2001 
650 7 |a FILOSOFIA ARABE  |2 CL-VaPUC  |9 307956 
650 0 |a Teoría del conocimiento   |9 255038 
650 7 |a CRITICA DE LA RAZON  |2 CL-VaPUC  |9 502824 
583 |a last modification  |c 20160811 17:41:00  |k Rodrigo Vera 
490 0 |a Icaria Antrazyt, 175 
999 |c 365924  |d 365922 
952 |0 0  |1 0  |3 erb  |4 0  |6 181_920000000000000_ALY_2001  |7 0  |8 A  |9 479898  |a BIBEDU  |b BIBEDU  |i 5336945  |o 181.92 ALY 2001  |p 5336945  |r 2019-11-24  |w 2019-11-24  |y BK  |z Catalogado en:20160811  |k FIL 
952 |0 0  |1 0  |3 erb  |4 0  |6 181_920000000000000_ALY_2001  |7 0  |8 A  |9 479899  |a FDOPOS  |b FDOPOS  |i 5429862  |o 181.92 ALY 2001  |p 5429862  |r 2025-01-22  |w 2019-11-24  |y BK  |z Catalogado en:20171020  |k DLH